La cosa juzgada en el proceso civil chileno: doctrina y jurisprudencia
Uloženo v:
| Hlavní autor: | |
|---|---|
| Médium: | Kniha |
| Jazyk: | španělština |
| Vydáno: |
Santiago
Jurídica de Chile
2002
|
| Témata: | |
| Tagy: |
Přidat tag
Žádné tagy, Buďte první, kdo vytvoří štítek k tomuto záznamu!
|
MARC
| LEADER | 00000nam a2200000 a 4500 | ||
|---|---|---|---|
| 001 | UCM3600 | ||
| 003 | CL-VaPUC | ||
| 008 | 020712e20020500CL |||||||||||||||||spa|d | ||
| 082 | 0 | 4 | |a 347.83077 |b ROM |2 21 |
| 100 | 0 | |a Romero Seguel, Alejandro |e author |9 470258 | |
| 245 | 1 | 3 | |a La cosa juzgada en el proceso civil chileno: doctrina y jurisprudencia |
| 300 | |a 157 p | ||
| 942 | |c BK | ||
| 945 | |d 20020712 00:00:00 |a vberengu | ||
| 260 | |a Santiago |b Jurídica de Chile |c 2002 | ||
| 650 | 0 | |a Cosa juzgada |9 255091 | |
| 583 | |a last modification |c 20020712 00:00:00 |k Rodrigo Vera | ||
| 999 | |c 300810 |d 300808 | ||
| 952 | |0 0 |1 0 |4 0 |6 347_830770000000000_ROM_2002 |7 0 |8 A |9 359125 |a BIBDER |b BIBDER |d 2019-11-21 |i 3828336 |l 4 |m 1 |o 347.83077 ROM 2002 |p 3828336 |r 2025-04-30 |s 2025-04-11 |w 2019-11-21 |y BK |k DER | ||
| 952 | |0 0 |1 0 |4 0 |6 347_830770000000000_ROM_2002 |7 0 |8 A |9 359127 |a BIBDER |b BIBDER |d 2019-11-21 |i 3828352 |l 11 |o 347.83077 ROM 2002 |p 3828352 |r 2025-04-30 |s 2025-04-16 |w 2019-11-21 |y BK |k DER | ||